000 00436nab a2200145 4500
003 ES-SlBCS
005 20210327231204.0
008 141014s2014 sp ||||| |||| 00| 0 spa d
040 _aES-SlBCS
_bspa
100 1 0 _aVarela, Ignacio
_9406661
245 1 0 _aHeterogeneidad intratumoral
_cIgnacio Varela
650 0 4 _aMedicina
_914377
773 0 _gNº 457, 2014, págs. 10-12
_tInvestigación y Ciencia
_wRev1650
_x0210-136X
942 _2lcc
_cAR
999 _c849032
_d849032